00505nam a2200193 a 4500001001300000003000900013005001700022008004100039020000800080082001600088100001800104245004900122260005300171300000900224500003500233505001000268650001500278700001800293nice12345678IN_TiNIC20260116011528.0050524s1953 newa grp 000 0 eng  ac000a651.02bNEU aNeuner, J J W aOffice Managementb Principles and Practices aNew YorkbSouth-Western Publishing Companyc1953 a751p aincludes index and biblioraphy2 aIndex aManagement1 aNeuner, J J W